[Event "HUN-chT2 Breyer 1415"]
[Site "Hungary"]
[Date "2014.10.12"]
[Round "?"]
[White "Krapfel, Janos"]
[Black "Persanyi, Barnabas"]
[Result "0-1"]
[WhiteElo "1635"]
[BlackElo "1779"]
[PlyCount "88"]
[EventDate "2014.09.07"]
[EventType "team-tourn"]
[EventRounds "11"]
[EventCountry "HUN"]
[SourceTitle "EXT 2016"]
[Source "ChessBase"]
[SourceDate "2015.10.08"]
[SourceVersion "1"]
[SourceVersionDate "2015.10.08"]
[SourceQuality "1"]
[WhiteTeam "Torokbalint"]
[BlackTeam "Zsambek"]
[WhiteTeamCountry "HUN"]
[BlackTeamCountry "HUN"]

1. e4 c5 2. f4 d5 3. exd5 Nf6 4. d6 Qxd6 5. d3 g6 6. Nc3 a6 7. Nf3 Nc6 8. Be2 Bg7 9. 0-0 0-0 10. Ne4 Qc7 11. c3 b6 12. Qe1 Nd5 13. Qh4 Bb7 14. Rb1 Rad8 15. Kh1 e6 16. a3 Qe7 17. c4 Qxh4 18. Nxh4 Nde7 19. Nf3 Nf5 20. Ne1 Ncd4 21. Rf2 Nxe2 22. Rxe2 Nd4 23. Rf2 Nb3 24. Be3 Bxe4 25. dxe4 Bd4 26. Rf3 Bxe3 27. Rxe3 Nd2 28. Rc1 Rd4 29. Rd3 Nxe4 30. Rxd4 cxd4 31. Nd3 f6 32. b4 Rc8 33. g3 Kf7 34. Kg2 Ke7 35. Rc2 Kd6 36. Kf3 Rxc4 37. Re2 Nc3 38. Nb2 Rc6 39. Re1 e5 40. fxe5+ fxe5 41. Kg4 e4 42. Kf4 Kd5 43. Kg5 d3 44. Kf4 Kd4 0-1

[Event "HUN-chT2 Breyer 1112"]
[Site "Hungary"]
[Date "2011.09.25"]
[Round "1.10"]
[White "Molnar, Laszlo"]
[Black "Krapfel, Janos"]
[Result "1-0"]
[WhiteElo "1963"]
[BlackElo "1653"]
[PlyCount "98"]
[EventDate "2011.09.25"]
[EventType "team-tourn"]
[EventRounds "11"]
[EventCountry "HUN"]
[SourceTitle "EXT 2013"]
[Source "ChessBase"]
[SourceDate "2012.11.22"]
[SourceVersion "1"]
[SourceVersionDate "2012.11.22"]
[SourceQuality "1"]
[WhiteTeam "Geniusz Tata"]
[BlackTeam "Torokbalint"]
[WhiteTeamCountry "HUN"]
[BlackTeamCountry "HUN"]

1. e4 e5 2. Nf3 Nc6 3. Bb5 a6 4. Ba4 Bc5 5. c3 Nf6 6. Qe2 d6 7. d3 h6 8. 0-0 0-0 9. Be3 Ba7 10. Nbd2 b5 11. Bc2 Bxe3 12. fxe3 Bg4 13. Qf2 Be6 14. d4 exd4 15. exd4 Ne7 16. h3 Ng6 17. Rfe1 Nf4 18. Nh4 g5 19. Nf5 Bxf5 20. exf5 Qd7 21. Kh1 Rae8 22. Nf3 Rxe1+ 23. Rxe1 Re8 24. Ng1 Qc6 25. Rxe8+ Nxe8 26. Qf3 Qxf3 27. Nxf3 Kg7 28. Kh2 Nd5 29. g4 Nf4 30. a4 Nf6 31. axb5 axb5 32. Kg3 N6d5 33. h4 Kf6 34. hxg5+ hxg5 35. Bb3 c5 36. dxc5 dxc5 37. c4 bxc4 38. Bxc4 Ne3 39. Bxf7 Nxf5+ 40. gxf5 Kxf5 41. b3 Ne2+ 42. Kf2 Nc3 43. Ne1 Ne4+ 44. Ke3 Nd6 45. Bg8 Kg4 46. Nd3 Kg3 47. Nxc5 Nf5+ 48. Kd3 Ne7 49. Ne4+ Kg2 1-0